[Event "IECG QE.2004.0.00078 email"]
[Site "IECG email"]
[Date "2004.10.11"]
[Round "?"]
[White "Schoenbach, Patrick"]
[Black "Targett, Paul"]
[Result "0-1"]
[WhiteElo "1333"]
[BlackElo "1346"]
[PlyCount "72"]
[EventDate "2004.10.11"]
[EventType "tourn (corr)"]
[EventRounds "6"]
[SourceTitle "Corr 2008"]
[Source "ChessBase"]
[SourceDate "2008.06.24"]
[SourceVersion "1"]
[SourceVersionDate "2008.06.24"]
[SourceQuality "1"]

1. e4 e5 2. Nf3 Nc6 3. Bb5 a6 4. Ba4 Bc5 5. 0-0 Nf6 6. Nxe5 Nxe5 7. d4 b5 8. dxe5 Nxe4 9. Bb3 Bb7 10. Qg4 Qe7 11. Qxg7 0-0-0 12. Qxf7 Qxf7 13. Bxf7 Nxf2 14. h4 Rdf8 15. e6 Bd5 16. b4 Bd4 17. c3 Ba7 18. c4 bxc4 19. Kh2 dxe6 20. Bb2 Rxf7 21. Bxh8 Ng4+ 22. Kg3 Rxf1 23. Kxg4 h5+ 24. Kxh5 e5 25. Bxe5 Rf5+ 26. Kg4 Rxe5 27. Nc3 Bxg2 28. Rc1 Bd4 29. Rc2 Bc6 30. Ne2 Re4+ 31. Kf5 Bg7 32. Nf4 c3 33. Kg6 Re7 34. Kg5 Be4 35. Rc1 c2 36. h5 Bb2 0-1

[Event "IECG QE.2004.0.00078 email"]
[Site "IECG email"]
[Date "2004.10.11"]
[Round "?"]
[White "Targett, Paul"]
[Black "Mori, Roberto"]
[Result "1/2-1/2"]
[WhiteElo "1346"]
[BlackElo "1305"]
[PlyCount "88"]
[EventDate "2004.10.11"]
[EventType "tourn (corr)"]
[EventRounds "6"]
[SourceTitle "Corr 2008"]
[Source "ChessBase"]
[SourceDate "2008.06.24"]
[SourceVersion "1"]
[SourceVersionDate "2008.06.24"]
[SourceQuality "1"]

1. e4 e5 2. Nf3 Nc6 3. Bb5 a6 4. Bxc6 dxc6 5. 0-0 Bg4 6. h3 Bxf3 7. Qxf3 Nf6 8. d3 Qe7 9. Na3 0-0-0 10. Nc4 Qe6 11. a4 Rg8 12. Qe3 Kb8 13. c3 g5 14. b4 g4 15. h4 Nd7 16. Rb1 f5 17. exf5 Qxf5 18. b5 Bc5 19. Qg3 cxb5 20. axb5 Nb6 21. Nxe5 Bd6 22. Re1 a5 23. Ra1 Rde8 24. d4 Nc4 25. Bf4 Rgf8 26. Ra4 Re7 27. Rxc4 Qxf4 28. Qxf4 Rxf4 29. g3 Rf5 30. Ra4 Bxe5 31. Rxe5 Rfxe5 32. dxe5 Rxe5 33. Rxa5 h5 34. c4 c6 35. f4 Rc5 36. Kf2 b6 37. Ra1 Rxc4 38. bxc6 Rc2+ 39. Kf1 Kc7 40. Re1 Rxc6 41. Re5 Rc5 42. Rxc5+ bxc5 43. Ke2 Kd6 44. Ke3 Ke7 1/2-1/2

[Event "IECG QE.2004.0.00078 email"]
[Site "IECG email"]
[Date "2004.10.11"]
[Round "?"]
[White "Targett, Paul"]
[Black "Schoenbach, Patrick"]
[Result "1/2-1/2"]
[WhiteElo "1346"]
[BlackElo "1333"]
[PlyCount "116"]
[EventDate "2004.10.11"]
[EventType "tourn (corr)"]
[EventRounds "6"]
[SourceTitle "Corr 2008"]
[Source "ChessBase"]
[SourceDate "2008.06.24"]
[SourceVersion "1"]
[SourceVersionDate "2008.06.24"]
[SourceQuality "1"]

1. e4 c5 2. Nc3 Nc6 3. Nf3 g6 4. d4 cxd4 5. Nxd4 Bg7 6. Be3 d6 7. Bb5 Bd7 8. 0-0 Nf6 9. f3 0-0 10. a3 Ne5 11. Qe2 Bxb5 12. Ndxb5 a6 13. Nd4 Rc8 14. Ra2 e6 15. Rd1 Nc4 16. Bc1 d5 17. e5 Nd7 18. f4 g5 19. b3 Ncxe5 20. Nxd5 exd5 21. fxe5 Re8 22. Qd2 h6 23. Nf5 Nxe5 24. Qxd5 Ng4 25. Qxd8 Rcxd8 26. Rf1 Rd5 27. Nxg7 Kxg7 28. c4 Rd3 29. b4 Re6 30. c5 Kg6 31. h3 Nf6 32. Raf2 Ne4 33. Rf3 Rd5 34. g4 f6 35. Re3 f5 36. gxf5+ Rxf5 37. Rfe1 Rf4 38. a4 Re5 39. R3e2 Rh4 40. Bb2 Re6 41. a5 h5 42. Bc1 Kf5 43. Kg2 g4 44. hxg4+ Rxg4+ 45. Kh3 Kg6 46. Kh2 Rh4+ 47. Kg1 Kf7 48. Rf1+ Rf6 49. Rxf6+ Nxf6 50. Rf2 Ke6 51. Rc2 Rxb4 52. c6 bxc6 53. Rxc6+ Kf5 54. Rxa6 Rg4+ 55. Kh1 Ra4 56. Kg2 Rc4 57. Be3 Nd5 58. Bh6 Ra4 1/2-1/2

[Event "IECG C3.2001.0.00171"]
[Site "IECG email"]
[Date "2001.01.31"]
[Round "?"]
[White "Targett, Paul"]
[Black "Santini, Alberto"]
[Result "1/2-1/2"]
[WhiteElo "1184"]
[BlackElo "1195"]
[PlyCount "49"]
[EventDate "2001.01.31"]
[EventType "tourn (corr)"]
[EventRounds "6"]
[SourceTitle "Corr 2008"]
[Source "ChessBase"]
[SourceDate "2008.06.24"]
[SourceVersion "1"]
[SourceVersionDate "2008.06.24"]
[SourceQuality "1"]

1. e4 e6 2. d4 d5 3. exd5 exd5 4. c4 Nf6 5. Nc3 Be7 6. Bd3 dxc4 7. Bxc4 0-0 8. Nge2 Nbd7 9. 0-0 Nb6 10. Bb3 c6 11. Re1 Bf5 12. Ng3 Bg6 13. Bg5 Re8 14. Re5 h6 15. Bh4 Nbd7 16. Re3 Nb6 17. Qd2 Bh7 18. Rae1 g5 19. Bxg5 hxg5 20. Re5 Nfd5 21. Nxd5 Nxd5 22. Bxd5 cxd5 23. Rxe7 Rxe7 24. Qxg5+ Kf8 25. Qh6+ 1/2-1/2

[Event "IECG CP.2000.P.00034"]
[Site "IECG email"]
[Date "2000.10.01"]
[Round "?"]
[White "Targett, Paul"]
[Black "Tallone, Carlos Alberto"]
[Result "1/2-1/2"]
[WhiteElo "1135"]
[BlackElo "2000"]
[PlyCount "78"]
[EventDate "2000.10.01"]
[EventType "tourn (corr)"]
[EventRounds "6"]
[EventCountry "ARG"]
[SourceTitle "Corr 2008"]
[Source "ChessBase"]
[SourceDate "2008.06.24"]
[SourceVersion "1"]
[SourceVersionDate "2008.06.24"]
[SourceQuality "1"]

1. e4 e5 2. Nf3 Nc6 3. Bb5 a6 4. Bxc6 dxc6 5. 0-0 f6 6. d4 exd4 7. Nxd4 c5 8. Nb3 Qxd1 9. Rxd1 Bg4 10. f3 Bd7 11. Be3 b6 12. a4 Ne7 13. Nc3 Nc6 14. Nd5 0-0-0 15. a5 Kb7 16. Bf4 c4 17. axb6 cxb3 18. bxc7 Rc8 19. c4 Bc5+ 20. Kh1 g5 21. Bg3 h5 22. Nxf6 Be6 23. Nd5 h4 24. Be1 Bb6 25. Ra4 Rhe8 26. Rd3 Ne5 27. Rxb3 Nxc4 28. Rxc4 Bxd5 29. Rxb6+ Kxb6 30. Bf2+ Kb7 31. exd5 Rxc7 32. b3 a5 33. Rxc7+ Kxc7 34. Kg1 Rd8 35. Kf1 Rxd5 36. Be3 Kc6 37. Ke2 Kd6 38. Bd2 Ke6 39. h3 Kf5 1/2-1/2

[Event "IECG CP.2000.P.00034"]
[Site "IECG email"]
[Date "2000.10.01"]
[Round "?"]
[White "Targett, Paul"]
[Black "Taner, Harun"]
[Result "1-0"]
[WhiteElo "1135"]
[BlackElo "1358"]
[PlyCount "29"]
[EventDate "2000.10.01"]
[EventType "tourn (corr)"]
[EventRounds "6"]
[EventCountry "ARG"]
[SourceTitle "Corr 2008"]
[Source "ChessBase"]
[SourceDate "2008.06.24"]
[SourceVersion "1"]
[SourceVersionDate "2008.06.24"]
[SourceQuality "1"]

1. e4 e5 2. Nf3 Nc6 3. Bb5 f5 4. Nc3 Nf6 5. exf5 Bc5 6. 0-0 0-0 7. Bxc6 dxc6 8. Qe2 Nd5 9. Qc4 Bd4 10. Nxd4 exd4 11. Qxd4 Bxf5 12. d3 Qd6 13. Bd2 h6 14. Rfe1 Bh7 15. Ne4 1-0

[Event "IECG CP.2000.P.00034"]
[Site "IECG email"]
[Date "2000.10.01"]
[Round "?"]
[White "Voin, Doru"]
[Black "Targett, Paul"]
[Result "1/2-1/2"]
[WhiteElo "2095"]
[BlackElo "1135"]
[PlyCount "59"]
[EventDate "2000.10.01"]
[EventType "tourn (corr)"]
[EventRounds "6"]
[EventCountry "ARG"]
[SourceTitle "Corr 2008"]
[Source "ChessBase"]
[SourceDate "2008.06.24"]
[SourceVersion "1"]
[SourceVersionDate "2008.06.24"]
[SourceQuality "1"]

1. e4 c5 2. Nf3 d6 3. d4 cxd4 4. Nxd4 Nf6 5. Nc3 g6 6. Be3 Bg7 7. f3 0-0 8. Qd2 Nc6 9. 0-0-0 Nxd4 10. Bxd4 Be6 11. Kb1 Qc7 12. g4 Rfc8 13. h4 Qa5 14. a3 Rab8 15. h5 b5 16. hxg6 hxg6 17. g5 b4 18. Nb5 Nh5 19. Bxg7 Kxg7 20. Nd4 Qa4 21. Nxe6+ fxe6 22. b3 bxa3 23. Ka2 Qc6 24. Bc4 e5 25. Qa5 Rc7 26. Kxa3 Rf8 27. Rh3 Nf4 28. Rh2 Qb6 29. Qxb6 axb6 30. Kb4 1/2-1/2

[Event "IECG C3.2000.0.00139"]
[Site "IECG email"]
[Date "2000.05.14"]
[Round "?"]
[White "Targett, Paul"]
[Black "Vasquez Nigro, Dario Javier"]
[Result "0-1"]
[WhiteElo "1069"]
[BlackElo "1000"]
[PlyCount "66"]
[EventDate "2000.05.14"]
[EventType "tourn (corr)"]
[EventRounds "6"]
[SourceTitle "Corr 2008"]
[Source "ChessBase"]
[SourceDate "2008.06.24"]
[SourceVersion "1"]
[SourceVersionDate "2008.06.24"]
[SourceQuality "1"]

1. e4 e5 2. Nf3 Nc6 3. Bb5 a6 4. Ba4 Nf6 5. 0-0 b5 6. Bb3 d6 7. Ng5 d5 8. exd5 Nd4 9. Re1 Bc5 10. Rxe5+ Kf8 11. h3 Nd7 12. Nxf7 Qf6 13. Re8+ Kxe8 14. Nxh8 Ne5 15. d3 Nxb3 16. Be3 Bxe3 17. fxe3 Nxa1 18. Nc3 g5 19. Qxa1 Qxh8 20. Qf1 Qf8 21. Qe1 g4 22. Qg3 Qe7 23. h4 Bb7 24. e4 c5 25. dxc6 Bxc6 26. Nd1 Ng6 27. Ne3 Nxh4 28. Nxg4 Ng6 29. Qf2 Qg5 30. Nf6+ Ke7 31. Nd5+ Bxd5 32. exd5 Qxd5 33. a3 Rf8 0-1

[Event "IECG CP.1999.P.00037"]
[Site "IECG email"]
[Date "1999.10.01"]
[Round "?"]
[White "Angermann, Immo Frank"]
[Black "Targett, Paul"]
[Result "0-1"]
[WhiteElo "1457"]
[BlackElo "800"]
[PlyCount "61"]
[EventDate "1999.10.01"]
[EventType "tourn (corr)"]
[EventRounds "6"]
[EventCountry "ESP"]
[SourceTitle "Corr 2008"]
[Source "ChessBase"]
[SourceDate "2008.06.24"]
[SourceVersion "1"]
[SourceVersionDate "2008.06.24"]
[SourceQuality "1"]

1. e4 c5 2. Nf3 d6 3. d4 cxd4 4. Nxd4 Nf6 5. Nc3 g6 6. Bg5 Bg7 7. Bb5+ Bd7 8. Qd3 Nc6 9. 0-0 0-0 10. Nxc6 bxc6 11. Bc4 Rb8 12. Rab1 Ng4 13. Bb3 Bc8 14. h3 Ne5 15. Qe3 Qc7 16. f4 Nd7 17. Bxe7 Re8 18. Bh4 Nc5 19. e5 Nxb3 20. axb3 dxe5 21. fxe5 Bxe5 22. Kh1 Bf5 23. Ra1 Ra8 24. Qf2 Qb6 25. g4 Be6 26. Rfe1 Bd4 27. Qf4 Qc5 28. Re4 Bxc3 29. Bf2 Bd5 30. Bxc5 Rxe4 31. Qxe4 0-1